01088nam a2200277 i 450000500170000000700030001700800410002002000180006104000350007904100080011408200200012210000300014224501520017226400330032430000250035733600270038233700330040933800280044249000380047050400380050852100380054654500550058465000600063965100590069970000520075820220317002026.0ta201109s2020 ck ||||er|||| 00| 0cspa d a9789585589292 aCO-BoRNBPbspaerdacCO-BoRNBP1 aspa04a923.2bO42h2221 aOjeda Awad, Alonsoeautor13aLa huella del tigrebreflexiones de Alonso Ojeda Awad. PersonajescDavid Alonso Ojeda Awad ; Alexander Emilio Madrigal Garzón compilador y editor 1aBogotábUniedicionesc2020 a314 páginasb23 cm 2rdacontentatextobtxt 2rdamediaasin mediaciónbn 2rdacarrieravolumenbnc0 aAutores contemporáneosvEnsayos aBibliografía: páginas 301-314 aRecomendado para público adulto aIncluye datos biográficos del autor en la solapa172LEMBaEstadistas colombianosvBiografíasvColecciones 4aColombia xVida intelectualvBiografíasvColecciones1 aMadrigal Garzón, Alexander EmilioeCompilador